| 000 | 00640nmm a2200253 a 4500 | ||
|---|---|---|---|
| 003 | AR-BaBNM | ||
| 005 | 20251128205359.0 | ||
| 008 | 011101s1992 ||||||||||||||000 | spa|| | ||
| 020 | _a0-19-435491-1 | ||
| 040 | _cAR-BaBNM | ||
| 100 | 1 |
_aHutchinson, Tom _d1930- |
|
| 245 | 1 | 0 |
_aHotline pre-intermediate _bteacher's book |
| 260 |
_aOxford _bOxford University Press _c1992 |
||
| 300 | 0 | _a134 p. | |
| 650 | 4 | _aADOLESCENTES | |
| 650 | 4 | _aENSENANZA DE IDIOMAS | |
| 650 | 4 | _aINGLES | |
| 650 | 4 | _aGUIA DEL DOCENTE | |
| 650 | 4 | _aPRONUNCIACION | |
| 650 | 4 | _aGRAMATICA | |
| 650 | 4 | _aPRUEBAS ESCOLARES | |
| 942 | _cBK | ||
| 998 | _cCarmen | ||
| 999 |
_c11174 _d11174 |
||